000 02192nam a2200481 c 4500
003 BLK
005 20231216115051.0
008 180408b bul|||||r ||||||| ||bul||
010 _aKNG00086039000
020 _a978-954-742-135-6
_bиздат.: Слънце
040 _aBLK
041 _aBUL
_cBUL
080 _aЦеремониал. Етикет. Общ. норми на поведение. Йерархия. Дарове. Подаръци
_b395
_x-053.6(02.062)
_z395-053.6(02.062)
080 _aСоциално поведение. Девиантно поведение. Социална патология. Активност и пасивност, конвенционално поведение, мотивация, потребности, стремежи
_b316.62
_x-053.6(02.062)
_z316.62-053.6(02.062)
100 1 _aГолдман, Джейн
_eпърви автор
_9298111
700 1 _aПерчинкова, Катя Христова
_eпрев. от англ.
_9108657
139 _aГолдман, Джейн
_bГ 63
245 1 0 _aЕтикет за тийнейджъри
_cДжейн Голдман; прев. от англ. Катя Христова Перчинкова.
257 _aGBR
260 София
_bСлънце
_c2008
_fСофия : Инвестпрес
300 _a232 с.
_c20 см
380 _aDN
490 1 _aПоредица Книги за тийнейджъри
500 _aОриг. загл. Do The Right Thing. A Teenager's Guide To Surviving Any Social Situation / Jane Goldman. - Офс. изд.
590 _aф
650 4 _aЕтикет
_9155159
650 4 _aПоведение
_9166567
650 4 _aЮноши
_9178000
653 _aетикет
653 _aповедение
653 _aтийнейджъри
653 _aюноши
653 _aнаръчници
653 _aръководства
653 _aлитература за деца
653 _aдетска литература
852 _aЦб 241623
856 4 _qpdf
_u
856 4 _qpdf
_u
942 _cKNG
_n0
_09
944 _aCR
_c27.10.2008
_k30551
_lБояна Костадинова
944 _aED
_c19.02.2010
_k
999 _c81535
_d81535